The classic Maya / (Record no. 19335)
[ view plain ]
| 000 -LEADER | |
|---|---|
| fixed length control field | 01037cam a22002414a 4500 |
| 020 ## - INTERNATIONAL STANDARD BOOK NUMBER | |
| ISBN | 9780521660068 (hardback) |
| 020 ## - INTERNATIONAL STANDARD BOOK NUMBER | |
| ISBN | 0521660068 (hardback) |
| 020 ## - INTERNATIONAL STANDARD BOOK NUMBER | |
| ISBN | 9780521669726 (pbk.) |
| 020 ## - INTERNATIONAL STANDARD BOOK NUMBER | |
| ISBN | 0521669723 (pbk.) |
| 040 ## - CATALOGING SOURCE | |
| Transcribing agency | DLC |
| 082 00 - DEWEY DECIMAL CLASSIFICATION NUMBER | |
| Classification number | 972 WAL1986 C165 Or. |
| 100 1# - MAIN ENTRY--AUTHOR NAME | |
| Personal name | Houston, Stephen D |
| 245 14 - TITLE STATEMENT | |
| Title | The classic Maya / |
| 300 ## - PHYSICAL DESCRIPTION | |
| Number of Pages | xviii, 383 pages : |
| Other physical details | illustrations, maps ; |
| Dimensions | 26 cm |
| 490 1# - SERIES STATEMENT | |
| Series statement | Cambridge world archaeology |
| 520 ## - SUMMARY, ETC. | |
| Summary, etc | This book is the first in-depth synthesis of the Classic Maya. It is richly informed by new decipherment of hieroglyphs, decades of intensive excavation and survey. Structured by categories of person in society, it reports on kings, queens, nobles, gods, and ancestors, as well as the many millions of farmers and other figures who lived in societies predicated on sacred kingship and varying political programs. -publisher description |
| 650 #0 - SUBJECT ADDED ENTRY--TOPICAL TERM | |
| Topical Term | Mayas |
| 650 #0 - SUBJECT ADDED ENTRY--TOPICAL TERM | |
| Topical Term | Mayas |
| 650 #4 - SUBJECT ADDED ENTRY--TOPICAL TERM | |
| Topical Term | Mayas |
| 650 #4 - SUBJECT ADDED ENTRY--TOPICAL TERM | |
| Topical Term | Mayas |
| 700 1# - ADDED ENTRY--PERSONAL NAME | |
| Personal name | Inomata, Takeshi, |
| 942 ## - ADDED ENTRY ELEMENTS (KOHA) | |
| Koha item type | ADB |
| 952 ## - LOCATION AND ITEM INFORMATION (KOHA) | |
| Withdrawn status [LOCAL, KOHA] | 0 |
| 952 ## - LOCATION AND ITEM INFORMATION (KOHA) | |
| Withdrawn status [LOCAL, KOHA] | 0 |
| Source of acquisition | Permanent Location | Date acquired | Koha item type | Lost status | Shelving location | Current Location | Full call number |
|---|---|---|---|---|---|---|---|
| A38782 | Library Block C | 2020-09-25 | សៀវភៅភាសាអង់គ្លេស | C165 | Library Block C | 972 WAL1986 C165 Or. | |
| A38782 | Library Block C | 2020-09-25 | សៀវភៅភាសាអង់គ្លេស | C165 | Library Block C | 972 WAL1986 C165 Or. |